000 00644nam a22002537a 4500
003 UA-OsUOA
001 28381
007 ta
008 20050321b un ||||| |||| 00| 0 ukr d
100 _aБурданова В. С.
090 _a343.131.8
_bБ91
942 _cBK
040 _aUA-OsUOA
_brus
_cUA-OsUOA
_dUA-OsUOA
245 _aПоиски истины в уголовном процессе
300 _a262 с.
955 _a0
041 _arus
080 _a343.131.8
020 _a5-94201-190-7
260 _aСПб
_bЮридический центр Пресс
_c2003
044 _aRU
650 7 _2UDC
999 _c314748
_d314748